01946cam a2200313 i 450000100090000000300040000900500170001300800410003001000170007102000180008802000180010604000280012404200080015205000250016008200200018510000210020524502210022625000090044726400570045630000530051333600260056633700280059233800270062052008870064765000240153465000270155870000220158570000250160718829546OSt20250609154312.0151023s2017 maua 000 0 eng  a 2015955692 a9789355731166 a9788131520383 aDLCbengerdacDLCdDLC apcc00aHD30.28b.H5865 201700a658.4012bHIT/S1 aHitt, Michael A.10aStrategic management :bCompetitiveness & globalizationpConcepts /cMichael A. Hitt, Texas A&M University and Texas Christian University, R. Duane Ireland, Texas A&M University, Robert E. Hoskisson, Rice University. a12e. 1aAustralia :aBoston, MA :bCengage Learning,c[2017] axxiii, 442 pages :bcolor illustrations ;c26 cm atextbtxt2rdacontent aunmediatedbn2rdamedia avolumebnc2rdacarrier8 aExamine strategic management with the market-leading text that sets the standard for the most intellectually rich, practical analysis of strategic management. Written by respected experts Hitt, Ireland, and Hoskisson, the 12th edition of STRATEGIC MANAGEMENT is steeped in cutting-edge research featuring more than 500 emerging and leading companies, and reveals trends you can implement immediately to succeed in your field. You'll discover how to integrate the classic industrial organization model with a resource-based view of the firm to give you a complete understanding of how today's businesses use strategic management to establish competitive advantages and create value for stakeholders in the global marketplace. The freshly reimagined MindTap(R) learning solution provides you with real-world activities that will prepare you to excel as a leader and outperform rivals. 0aStrategic planning. 0aIndustrial management.1 aIreland, R. Duane1 aHoskisson, Robert E.